[Event "European Rapid Championship 2021"]
[Site "Katowice"]
[Date "2021.12.19"]
[Round "11.24"]
[White "Kalkowski, Igor"]
[Black "Wiewiora, Eneasz"]
[Result "0-1"]
[WhiteElo "1839"]
[BlackElo "2333"]
[Annotator "NA"]
[PlyCount "72"]
[EventDate "2021.12.18"]
[EventType "swiss"]
[EventCountry "POL"]
[SourceTitle "playchess.com"]
[Source "ChessBase"]
[SourceQuality "1"]
[TimeControl "900+10"]

1. e4 {[%emt 0:00:03]} d6 {[%emt 0:00:00]} 2. Nc3 {[%emt 0:00:02]} Nf6 {
[%emt 0:00:05]} 3. Bc4 {[%emt 0:00:02]} c6 {[%emt 0:00:14]} 4. d3 {[%emt 0:00:
09]} d5 {[%emt 0:00:06]} 5. Bb3 {[%emt 0:00:38]} dxe4 {[%emt 0:00:02]} 6. Nxe4
{[%emt 0:00:04]} Nxe4 {[%emt 0:00:07]} 7. dxe4 {[%emt 0:00:02]} Qxd1+ {[%emt 0:
00:02]} 8. Kxd1 {[%emt 0:00:01]} Nd7 {[%emt 0:00:04]} 9. Be3 {[%emt 0:00:05]}
e5 {[%emt 0:00:05]} 10. Nf3 {[%emt 0:00:15]} f6 {[%emt 0:00:07]} 11. c3 {
[%emt 0:00:22]} Bc5 {[%emt 0:00:06]} 12. Ke2 {[%emt 0:00:04]} Bxe3 {[%emt 0:00:
12]} 13. Kxe3 {[%emt 0:00:03]} Nc5 {[%emt 0:00:10]} 14. Bc2 {[%emt 0:00:51]}
Be6 {[%emt 0:00:10]} 15. b4 {[%emt 0:00:37]} Nd7 {[%emt 0:00:01]} 16. Bb3 {
[%emt 0:00:03]} Ke7 {[%emt 0:00:07]} 17. Nd2 {[%emt 0:00:06]} Nb6 {[%emt 0:00:
55]} 18. c4 {[%emt 0:01:00]} c5 {[%emt 0:00:44]} 19. b5 {[%emt 0:01:56]} Rhd8 {
[%emt 0:00:42]} 20. a4 {[%emt 0:00:11]} a5 {[%emt 0:04:05]} 21. bxa6 {[%emt 0:
00:02]} Rxa6 {[%emt 0:00:01]} 22. a5 {[%emt 0:00:06]} Rda8 {[%emt 0:00:21]} 23.
Rab1 {[%emt 0:00:43]} Rxa5 {[%emt 0:00:01]} 24. Bc2 {[%emt 0:00:01]} R8a6 {
[%emt 0:01:35]} 25. Bd3 {[%emt 0:00:04]} Kd6 {[%emt 0:01:14]} 26. Rb3 {[%emt 0:
01:00]} Ra3 {[%emt 0:00:13]} 27. Rhb1 {[%emt 0:00:11]} Rxb3 {[%emt 0:00:01]}
28. Rxb3 {[%emt 0:00:05]} Kc6 {[%emt 0:00:08]} 29. Be2 {[%emt 0:01:53]} Ra4 {
[%emt 0:00:13]} 30. f4 {[%emt 0:00:35]} exf4+ {[%emt 0:01:46]} 31. Kxf4 {
[%emt 0:00:02]} Nxc4 {[%emt 0:00:01]} 32. Nb1 {[%emt 0:00:08]} g5+ {[%emt 0:00:
55]} 33. Kg3 {[%emt 0:00:15]} Nd6 {[%emt 0:00:02]} 34. Re3 {[%emt 0:00:28]}
Nxe4+ {[%emt 0:00:47]} 35. Rxe4 {[%emt 0:00:12]} Rxe4 {[%emt 0:00:01]} 36. Bf3
{[%emt 0:00:05]} Bd5 {[%emt 0:00:09]} 0-1

[Event "European Rapid Championship 2021"]
[Site "Katowice"]
[Date "2021.12.19"]
[Round "11.25"]
[White "Wieczorek, Oskar"]
[Black "Woloch, Oskar"]
[Result "1-0"]
[WhiteElo "2367"]
[BlackElo "2036"]
[Annotator "NA"]
[PlyCount "107"]
[EventDate "2021.12.18"]
[EventType "swiss"]
[EventCountry "POL"]
[SourceTitle "playchess.com"]
[Source "ChessBase"]
[SourceQuality "1"]
[TimeControl "900+10"]

1. e4 {[%emt 0:00:01]} e5 {[%emt 0:00:01]} 2. Nf3 {[%emt 0:00:01]} Nc6 {
[%emt 0:00:01]} 3. Nc3 {[%emt 0:00:01]} Nf6 {[%emt 0:00:02]} 4. a3 {[%emt 0:00:
01]} d5 {[%emt 0:01:42]} 5. Bb5 {[%emt 0:00:02]} d4 {[%emt 0:00:55]} 6. Ne2 {
[%emt 0:00:02]} Bd7 {[%emt 0:00:26]} 7. Ng3 {[%emt 0:00:45]} Bd6 {[%emt 0:00:
34]} 8. O-O {[%emt 0:00:15]} h5 {[%emt 0:00:26]} 9. d3 {[%emt 0:02:16]} g6 {
[%emt 0:00:09]} 10. Bg5 {[%emt 0:00:17]} Bg4 {[%emt 0:02:05]} 11. h3 {[%emt 0:
00:35]} Bxf3 {[%emt 0:00:11]} 12. Qxf3 {[%emt 0:00:01]} Be7 {[%emt 0:00:01]}
13. c3 {[%emt 0:02:37]} dxc3 {[%emt 0:01:30]} 14. bxc3 {[%emt 0:00:03]} Kf8 {
[%emt 0:00:01]} 15. Rfd1 {[%emt 0:02:17]} h4 {[%emt 0:00:06]} 16. Ne2 {[%emt 0:
01:51]} Rh5 {[%emt 0:00:01]} 17. Be3 {[%emt 0:00:44]} Qe8 {[%emt 0:00:33]} 18.
Bc4 {[%emt 0:00:26]} Kg7 {[%emt 0:00:19]} 19. d4 {[%emt 0:00:08]} Bd6 {[%emt 0:
00:01]} 20. Rab1 {[%emt 0:00:20]} exd4 {[%emt 0:00:30]} 21. cxd4 {[%emt 0:00:
27]} Qxe4 {[%emt 0:00:02]} 22. Qxe4 {[%emt 0:00:35]} Nxe4 {[%emt 0:00:01]} 23.
Bd3 {[%emt 0:00:00]} Nf6 {[%emt 0:00:47]} 24. Rxb7 {[%emt 0:00:04]} Ra5 {
[%emt 0:00:32]} 25. Nc3 {[%emt 0:01:41]} Nd8 {[%emt 0:01:06]} 26. Rbb1 {
[%emt 0:00:15]} Rxa3 {[%emt 0:01:25]} 27. Nb5 {[%emt 0:00:01]} Ra4 {[%emt 0:00:
41]} 28. Bc2 {[%emt 0:00:40]} Rc4 {[%emt 0:00:27]} 29. Bd3 {[%emt 0:00:33]} Ra4
{[%emt 0:00:11]} 30. d5 {[%emt 0:01:30]} Nxd5 {[%emt 0:00:37]} 31. Nxd6 {
[%emt 0:00:56]} cxd6 {[%emt 0:00:11]} 32. Bd2 {[%emt 0:00:01]} Rd4 {[%emt 0:00:
36]} 33. Ba6 {[%emt 0:00:22]} Ne6 {[%emt 0:00:36]} 34. Ba5 {[%emt 0:00:22]} Rb8
{[%emt 0:00:27]} 35. Ra1 {[%emt 0:00:18]} Rb3 {[%emt 0:00:39]} 36. Rxd4 {
[%emt 0:00:14]} Nxd4 {[%emt 0:00:07]} 37. Bc4 {[%emt 0:00:03]} Nf6 {[%emt 0:01:
42]} 38. Bxb3 {[%emt 0:00:12]} Nxb3 {[%emt 0:00:02]} 39. Ra3 {[%emt 0:00:00]}
Nc5 {[%emt 0:00:38]} 40. Bc3 {[%emt 0:00:04]} a6 {[%emt 0:00:03]} 41. Bd4 {
[%emt 0:00:10]} Ne6 {[%emt 0:00:19]} 42. Ba1 {[%emt 0:00:13]} Nc5 {[%emt 0:00:
29]} 43. Rf3 {[%emt 0:00:25]} Nce4 {[%emt 0:00:01]} 44. Rf4 {[%emt 0:00:24]} d5
{[%emt 0:00:02]} 45. Rxh4 {[%emt 0:00:01]} g5 {[%emt 0:00:18]} 46. Bxf6+ {
[%emt 0:00:03]} Kxf6 {[%emt 0:00:07]} 47. Rh6+ {[%emt 0:00:01]} Ke5 {[%emt 0:
00:01]} 48. Rxa6 {[%emt 0:00:02]} Kd4 {[%emt 0:00:06]} 49. g3 {[%emt 0:00:19]}
Kd3 {[%emt 0:00:30]} 50. h4 {[%emt 0:00:07]} gxh4 {[%emt 0:00:08]} 51. gxh4 {
[%emt 0:00:01]} Ke2 {[%emt 0:00:01]} 52. h5 {[%emt 0:00:23]} d4 {[%emt 0:00:02]
} 53. Ra4 {[%emt 0:00:26]} Ng5 {[%emt 0:00:01]} 54. Rxd4 {[%emt 0:00:20]} 1-0

[Event "European Rapid Championship 2021"]
[Site "Katowice"]
[Date "2021.12.19"]
[Round "11.25"]
[White "Jazdanovs, Aleksandrs"]
[Black "Reimanis, Ritvars"]
[Result "0-1"]
[WhiteElo "2089"]
[BlackElo "2397"]
[Annotator "NA"]
[PlyCount "122"]
[EventDate "2021.12.18"]
[EventType "swiss"]
[EventCountry "POL"]
[SourceTitle "playchess.com"]
[Source "ChessBase"]
[SourceQuality "1"]
[TimeControl "900+10"]

1. e4 {[%emt 0:00:05]} e5 {[%emt 0:00:09]} 2. Nf3 {[%emt 0:00:02]} Nc6 {
[%emt 0:00:01]} 3. Bb5 {[%emt 0:00:01]} Nf6 {[%emt 0:00:01]} 4. O-O {[%emt 0:
00:25]} Nxe4 {[%emt 0:00:02]} 5. d4 {[%emt 0:00:03]} Nd6 {[%emt 0:00:01]} 6.
dxe5 {[%emt 0:00:02]} Nxb5 {[%emt 0:00:02]} 7. a4 {[%emt 0:00:02]} Nbd4 {
[%emt 0:00:34]} 8. Nxd4 {[%emt 0:00:02]} Nxd4 {[%emt 0:00:44]} 9. Qxd4 {
[%emt 0:00:02]} d5 {[%emt 0:00:02]} 10. exd6 {[%emt 0:00:29]} Qxd6 {[%emt 0:00:
02]} 11. Qe4+ {[%emt 0:01:54]} Qe6 {[%emt 0:00:58]} 12. Nc3 {[%emt 0:01:20]}
Qxe4 {[%emt 0:00:14]} 13. Nxe4 {[%emt 0:00:01]} Bf5 {[%emt 0:00:09]} 14. Re1 {
[%emt 0:00:21]} O-O-O {[%emt 0:00:12]} 15. Bf4 {[%emt 0:00:27]} Be7 {[%emt 0:
04:57]} 16. c3 {[%emt 0:00:29]} Rhe8 {[%emt 0:00:19]} 17. Ng3 {[%emt 0:02:07]}
Be6 {[%emt 0:00:30]} 18. Nh5 {[%emt 0:00:24]} Bf8 {[%emt 0:00:26]} 19. Be5 {
[%emt 0:00:06]} f6 {[%emt 0:00:15]} 20. Bd4 {[%emt 0:00:02]} a5 {[%emt 0:00:35]
} 21. Nf4 {[%emt 0:01:15]} Bb3 {[%emt 0:00:10]} 22. f3 {[%emt 0:03:56]} b6 {
[%emt 0:01:00]} 23. Rxe8 {[%emt 0:00:06]} Rxe8 {[%emt 0:00:02]} 24. Kf2 {
[%emt 0:00:02]} Kd7 {[%emt 0:02:48]} 25. Ne2 {[%emt 0:00:13]} Bd6 {[%emt 0:00:
29]} 26. Nc1 {[%emt 0:00:29]} Bc2 {[%emt 0:00:14]} 27. g3 {[%emt 0:01:06]} h5 {
[%emt 0:00:35]} 28. b3 {[%emt 0:00:09]} h4 {[%emt 0:00:15]} 29. Ra2 {[%emt 0:
00:01]} hxg3+ {[%emt 0:00:35]} 30. hxg3 {[%emt 0:00:04]} Bb1 {[%emt 0:00:13]}
31. Rb2 {[%emt 0:00:13]} Bg6 {[%emt 0:00:07]} 32. Re2 {[%emt 0:02:43]} Rxe2+ {
[%emt 0:00:41]} 33. Nxe2 {[%emt 0:00:01]} Bc2 {[%emt 0:00:07]} 34. b4 {[%emt 0:
01:33]} axb4 {[%emt 0:00:15]} 35. cxb4 {[%emt 0:00:01]} Bxb4 {[%emt 0:00:03]}
36. Nf4 {[%emt 0:00:01]} Bxa4 {[%emt 0:00:33]} 37. Nh5 {[%emt 0:00:02]} Bf8 {
[%emt 0:00:08]} 38. g4 {[%emt 0:00:30]} c5 {[%emt 0:01:01]} 39. Ba1 {[%emt 0:
00:14]} Bb3 {[%emt 0:00:22]} 40. f4 {[%emt 0:00:34]} Bf7 {[%emt 0:00:15]} 41.
Ng3 {[%emt 0:00:02]} Bd6 {[%emt 0:00:20]} 42. Ke3 {[%emt 0:00:05]} g5 {[%emt 0:
00:19]} 43. Ne2 {[%emt 0:00:23]} gxf4+ {[%emt 0:00:23]} 44. Nxf4 {[%emt 0:00:
01]} Bxf4+ {[%emt 0:00:28]} 45. Kxf4 {[%emt 0:00:03]} Ke6 {[%emt 0:00:01]} 46.
g5 {[%emt 0:00:25]} fxg5+ {[%emt 0:00:17]} 47. Kxg5 {[%emt 0:00:01]} Kd5 {
[%emt 0:00:08]} 48. Kf4 {[%emt 0:00:11]} b5 {[%emt 0:00:19]} 49. Ke3 {[%emt 0:
00:01]} b4 {[%emt 0:00:06]} 50. Kd2 {[%emt 0:00:10]} Kc4 {[%emt 0:00:03]} 51.
Kc2 {[%emt 0:00:06]} Bg6+ {[%emt 0:00:06]} 52. Kb2 {[%emt 0:00:03]} Kd3 {
[%emt 0:00:06]} 53. Kb3 {[%emt 0:00:03]} Bf7+ {[%emt 0:00:04]} 54. Ka4 {
[%emt 0:00:13]} Kc4 {[%emt 0:00:30]} 55. Bf6 {[%emt 0:00:26]} Be8+ {[%emt 0:00:
50]} 56. Ka5 {[%emt 0:00:02]} b3 {[%emt 0:00:10]} 57. Bb2 {[%emt 0:00:22]} Bd7
{[%emt 0:00:10]} 58. Ba1 {[%emt 0:00:25]} Be6 {[%emt 0:00:10]} 59. Ka4 {
[%emt 0:00:03]} Kd3 {[%emt 0:00:03]} 60. Ka3 {[%emt 0:00:05]} Kc2 {[%emt 0:00:
04]} 61. Be5 {[%emt 0:00:14]} c4 {[%emt 0:00:01]} 0-1

[Event "European Rapid Championship 2021"]
[Site "Katowice"]
[Date "2021.12.19"]
[Round "11.26"]
[White "Baum, Jonasz"]
[Black "Vidruska, Renate"]
[Result "1-0"]
[WhiteElo "2343"]
[BlackElo "1993"]
[Annotator "NA"]
[PlyCount "45"]
[EventDate "2021.12.18"]
[EventType "swiss"]
[EventCountry "POL"]
[SourceTitle "playchess.com"]
[Source "ChessBase"]
[SourceQuality "1"]
[TimeControl "900+10"]

1. e4 {[%emt 0:00:02]} e5 {[%emt 0:00:50]} 2. Nc3 {[%emt 0:00:01]} Nf6 {
[%emt 0:00:02]} 3. Bc4 {[%emt 0:00:04]} Nc6 {[%emt 0:00:04]} 4. d3 {[%emt 0:00:
04]} Bc5 {[%emt 0:00:20]} 5. Bg5 {[%emt 0:00:15]} h6 {[%emt 0:00:07]} 6. Bh4 {
[%emt 0:00:03]} Na5 {[%emt 0:01:29]} 7. Nf3 {[%emt 0:00:22]} g5 {[%emt 0:00:26]
} 8. Bg3 {[%emt 0:00:19]} Nxc4 {[%emt 0:00:04]} 9. dxc4 {[%emt 0:00:05]} d6 {
[%emt 0:00:01]} 10. Qd3 {[%emt 0:03:13]} Be6 {[%emt 0:01:05]} 11. O-O-O {
[%emt 0:00:42]} Nh5 {[%emt 0:01:31]} 12. Nxe5 {[%emt 0:01:34]} Qf6 {[%emt 0:05:
02]} 13. Nf3 {[%emt 0:04:41]} Nf4 {[%emt 0:00:02]} 14. Bxf4 {[%emt 0:00:29]}
Qxf4+ {[%emt 0:00:04]} 15. Kb1 {[%emt 0:00:04]} Bxf2 {[%emt 0:01:01]} 16. Rhf1
{[%emt 0:01:08]} Qe3 {[%emt 0:01:17]} 17. Nd5 {[%emt 0:00:49]} Bxd5 {[%emt 0:
00:12]} 18. Qxd5 {[%emt 0:00:35]} Qb6 {[%emt 0:02:07]} 19. Qf5 {[%emt 0:00:24]}
Be3 {[%emt 0:01:39]} 20. Ne5 {[%emt 0:00:13]} O-O {[%emt 0:00:01]} 21. Nd7 {
[%emt 0:00:05]} Qc6 {[%emt 0:00:16]} 22. Nf6+ {[%emt 0:00:01]} Kg7 {[%emt 0:00:
04]} 23. Qh7# {[%emt 0:00:01]} 1-0

[Event "European Rapid Championship 2021"]
[Site "Katowice"]
[Date "2021.12.19"]
[Round "11.26"]
[White "Papasimakopoulos, Alexandros"]
[Black "Smieszek, Wojciech"]
[Result "1/2-1/2"]
[WhiteElo "2274"]
[BlackElo "2033"]
[Annotator "NA"]
[PlyCount "133"]
[EventDate "2021.12.18"]
[EventType "swiss"]
[EventCountry "POL"]
[SourceTitle "playchess.com"]
[Source "ChessBase"]
[SourceQuality "1"]
[TimeControl "900+10"]

1. d4 {[%emt 0:00:02]} Nf6 {[%emt 0:00:01]} 2. c4 {[%emt 0:00:01]} c5 {[%emt 0:
00:01]} 3. d5 {[%emt 0:00:02]} e6 {[%emt 0:00:01]} 4. Nc3 {[%emt 0:00:01]} exd5
{[%emt 0:00:02]} 5. cxd5 {[%emt 0:00:01]} d6 {[%emt 0:00:00]} 6. Nf3 {[%emt 0:
00:02]} g6 {[%emt 0:00:02]} 7. Bf4 {[%emt 0:00:01]} Bg7 {[%emt 0:00:12]} 8.
Qa4+ {[%emt 0:00:01]} Bd7 {[%emt 0:00:01]} 9. Qb3 {[%emt 0:00:01]} Qc7 {
[%emt 0:00:02]} 10. e4 {[%emt 0:00:02]} O-O {[%emt 0:00:04]} 11. Be2 {[%emt 0:
00:01]} Nh5 {[%emt 0:00:07]} 12. Be3 {[%emt 0:00:11]} f5 {[%emt 0:00:09]} 13.
exf5 {[%emt 0:00:02]} gxf5 {[%emt 0:00:23]} 14. Nd2 {[%emt 0:00:01]} f4 {
[%emt 0:00:16]} 15. Bxc5 {[%emt 0:00:01]} f3 {[%emt 0:00:59]} 16. Bxf3 {
[%emt 0:00:10]} Qxc5 {[%emt 0:01:01]} 17. Bxh5 {[%emt 0:00:06]} Qxf2+ {[%emt 0:
00:18]} 18. Kd1 {[%emt 0:00:01]} Qxg2 {[%emt 0:00:25]} 19. Re1 {[%emt 0:00:17]}
Na6 {[%emt 0:00:51]} 20. Nce4 {[%emt 0:00:49]} Rac8 {[%emt 0:01:38]} 21. Qxb7 {
[%emt 0:00:23]} Bg4+ {[%emt 0:03:24]} 22. Bxg4 {[%emt 0:00:01]} Qxg4+ {[%emt 0:
00:01]} 23. Re2 {[%emt 0:00:01]} Nc5 {[%emt 0:00:26]} 24. Nxc5 {[%emt 0:02:06]}
Rxc5 {[%emt 0:00:03]} 25. Qb3 {[%emt 0:00:13]} Re8 {[%emt 0:00:28]} 26. Qf3 {
[%emt 0:00:02]} Qg1+ {[%emt 0:02:26]} 27. Qf1 {[%emt 0:00:01]} Qxf1+ {[%emt 0:
00:31]} 28. Nxf1 {[%emt 0:00:02]} Rxe2 {[%emt 0:02:22]} 29. Kxe2 {[%emt 0:00:
01]} Rc2+ {[%emt 0:00:01]} 30. Kf3 {[%emt 0:00:17]} Rxb2 {[%emt 0:00:02]} 31.
Rc1 {[%emt 0:00:08]} Rxa2 {[%emt 0:00:12]} 32. Ne3 {[%emt 0:00:54]} Ra3 {
[%emt 0:00:46]} 33. Rc8+ {[%emt 0:00:04]} Kf7 {[%emt 0:00:01]} 34. Ke4 {
[%emt 0:00:05]} Ra1 {[%emt 0:02:54]} 35. Nc4 {[%emt 0:00:19]} Re1+ {[%emt 0:00:
02]} 36. Kf3 {[%emt 0:00:02]} Be5 {[%emt 0:00:28]} 37. Rc7+ {[%emt 0:00:53]}
Kg6 {[%emt 0:00:01]} 38. Rxa7 {[%emt 0:00:02]} Bxh2 {[%emt 0:00:22]} 39. Ra6 {
[%emt 0:00:02]} Rd1 {[%emt 0:00:18]} 40. Ne3 {[%emt 0:00:17]} Rb1 {[%emt 0:00:
08]} 41. Ng4 {[%emt 0:00:04]} Rb3+ {[%emt 0:00:08]} 42. Ke4 {[%emt 0:00:55]}
Rb4+ {[%emt 0:00:02]} 43. Kf3 {[%emt 0:00:03]} Rb3+ {[%emt 0:00:20]} 44. Ke4 {
[%emt 0:00:05]} Rb4+ {[%emt 0:00:01]} 45. Kf3 {[%emt 0:00:02]} Bf4 {[%emt 0:00:
01]} 46. Nf2 {[%emt 0:00:05]} Kf5 {[%emt 0:00:26]} 47. Nd3 {[%emt 0:00:20]} Rb3
{[%emt 0:00:03]} 48. Ke2 {[%emt 0:00:02]} Be5 {[%emt 0:00:22]} 49. Ra7 {
[%emt 0:00:16]} h6 {[%emt 0:00:11]} 50. Rh7 {[%emt 0:00:33]} Kg6 {[%emt 0:00:
06]} 51. Re7 {[%emt 0:00:18]} Kf6 {[%emt 0:00:14]} 52. Re6+ {[%emt 0:00:07]}
Kg5 {[%emt 0:00:10]} 53. Nxe5 {[%emt 0:00:06]} dxe5 {[%emt 0:00:02]} 54. d6 {
[%emt 0:00:08]} Rb8 {[%emt 0:00:12]} 55. Ke3 {[%emt 0:00:32]} Kf5 {[%emt 0:00:
01]} 56. Rxh6 {[%emt 0:00:06]} Rb3+ {[%emt 0:00:01]} 57. Ke2 {[%emt 0:00:05]}
Rb7 {[%emt 0:00:02]} 58. Kd3 {[%emt 0:00:04]} Kg5 {[%emt 0:00:13]} 59. Re6 {
[%emt 0:00:15]} Kf5 {[%emt 0:00:12]} 60. Re7 {[%emt 0:00:06]} Rb6 {[%emt 0:00:
03]} 61. d7 {[%emt 0:00:20]} Rd6+ {[%emt 0:00:02]} 62. Ke3 {[%emt 0:00:17]} Kf6
{[%emt 0:00:03]} 63. Rh7 {[%emt 0:00:02]} Kg6 {[%emt 0:00:14]} 64. Rh8 {
[%emt 0:00:13]} Rxd7 {[%emt 0:00:04]} 65. Ke4 {[%emt 0:00:02]} Kf6 {[%emt 0:00:
03]} 66. Rh6+ {[%emt 0:00:01]} Kg5 {[%emt 0:00:04]} 67. Re6 {[%emt 0:00:03]}
1/2-1/2

[Event "European Rapid Championship 2021"]
[Site "Katowice"]
[Date "2021.12.19"]
[Round "11.27"]
[White "Lubczynski, Rafal"]
[Black "Grzesik, Gracjan"]
[Result "1-0"]
[WhiteElo "2289"]
[BlackElo "1992"]
[Annotator "NA"]
[PlyCount "63"]
[EventDate "2021.12.18"]
[EventType "swiss"]
[EventCountry "POL"]
[SourceTitle "playchess.com"]
[Source "ChessBase"]
[SourceQuality "1"]
[TimeControl "900+10"]

1. Nf3 {[%emt 0:00:01]} Nf6 {[%emt 0:00:06]} 2. c4 {[%emt 0:00:01]} e6 {
[%emt 0:00:12]} 3. g3 {[%emt 0:00:02]} b6 {[%emt 0:00:54]} 4. Bg2 {[%emt 0:00:
01]} Bb7 {[%emt 0:00:01]} 5. O-O {[%emt 0:00:06]} c5 {[%emt 0:00:26]} 6. d4 {
[%emt 0:00:01]} d6 {[%emt 0:00:32]} 7. Nc3 {[%emt 0:00:15]} cxd4 {[%emt 0:00:
33]} 8. Qxd4 {[%emt 0:00:02]} Be7 {[%emt 0:00:03]} 9. Rd1 {[%emt 0:00:18]} a6 {
[%emt 0:00:29]} 10. Be3 {[%emt 0:00:16]} Nbd7 {[%emt 0:00:18]} 11. Qd2 {
[%emt 0:00:02]} Qc7 {[%emt 0:00:08]} 12. Bf4 {[%emt 0:01:13]} e5 {[%emt 0:00:
38]} 13. Be3 {[%emt 0:00:34]} O-O {[%emt 0:00:42]} 14. Rac1 {[%emt 0:00:32]}
Rac8 {[%emt 0:00:54]} 15. Nh4 {[%emt 0:00:41]} g6 {[%emt 0:00:35]} 16. Bh6 {
[%emt 0:00:12]} Rfe8 {[%emt 0:00:32]} 17. Nf5 {[%emt 0:02:44]} Bxg2 {[%emt 0:
01:12]} 18. Kxg2 {[%emt 0:00:59]} Qb7+ {[%emt 0:00:58]} 19. f3 {[%emt 0:00:03]}
Rc6 {[%emt 0:01:25]} 20. Qg5 {[%emt 0:06:35]} Bd8 {[%emt 0:06:10]} 21. Nxd6 {
[%emt 0:02:28]} Rxd6 {[%emt 0:00:24]} 22. Rxd6 {[%emt 0:00:01]} Ne4 {[%emt 0:
00:43]} 23. Rxd7 {[%emt 0:00:21]} Qxd7 {[%emt 0:00:24]} 24. Qe3 {[%emt 0:00:05]
} Nxc3 {[%emt 0:00:23]} 25. Rxc3 {[%emt 0:00:02]} f5 {[%emt 0:00:15]} 26. Qd3 {
[%emt 0:00:39]} Qc7 {[%emt 0:00:20]} 27. Qd5+ {[%emt 0:00:11]} Kh8 {[%emt 0:00:
02]} 28. c5 {[%emt 0:00:19]} bxc5 {[%emt 0:00:10]} 29. Rxc5 {[%emt 0:00:01]}
Qe7 {[%emt 0:00:07]} 30. Rc8 {[%emt 0:00:53]} Bc7 {[%emt 0:00:22]} 31. Qc5 {
[%emt 0:00:12]} Bd6 {[%emt 0:00:11]} 32. Qxd6 {[%emt 0:00:05]} 1-0

[Event "European Rapid Championship 2021"]
[Site "Katowice"]
[Date "2021.12.19"]
[Round "11.27"]
[White "Brzezinski, Mateusz"]
[Black "Szpar, Milosz"]
[Result "0-1"]
[WhiteElo "2187"]
[BlackElo "2315"]
[Annotator "NA"]
[PlyCount "88"]
[EventDate "2021.12.18"]
[EventType "swiss"]
[EventCountry "POL"]
[SourceTitle "playchess.com"]
[Source "ChessBase"]
[SourceQuality "1"]
[TimeControl "900+10"]

1. d4 {[%emt 0:00:01]} Nf6 {[%emt 0:00:02]} 2. Nf3 {[%emt 0:00:09]} e6 {
[%emt 0:00:05]} 3. c4 {[%emt 0:00:09]} c5 {[%emt 0:00:06]} 4. d5 {[%emt 0:00:
39]} d6 {[%emt 0:00:09]} 5. Nc3 {[%emt 0:00:11]} exd5 {[%emt 0:00:03]} 6. cxd5
{[%emt 0:01:49]} g6 {[%emt 0:00:04]} 7. g3 {[%emt 0:00:16]} Bg7 {[%emt 0:00:05]
} 8. Bg2 {[%emt 0:00:01]} O-O {[%emt 0:00:16]} 9. O-O {[%emt 0:00:02]} a6 {
[%emt 0:00:05]} 10. a4 {[%emt 0:00:06]} Nbd7 {[%emt 0:00:10]} 11. Nd2 {[%emt 0:
00:56]} Re8 {[%emt 0:00:14]} 12. Re1 {[%emt 0:00:55]} b6 {[%emt 0:00:41]} 13.
Nc4 {[%emt 0:03:29]} Ne5 {[%emt 0:00:15]} 14. Nxe5 {[%emt 0:00:01]} Rxe5 {
[%emt 0:00:05]} 15. e4 {[%emt 0:00:19]} Re8 {[%emt 0:00:16]} 16. h3 {[%emt 0:
00:23]} Rb8 {[%emt 0:01:03]} 17. Bf1 {[%emt 0:00:26]} Qc7 {[%emt 0:01:43]} 18.
Qd3 {[%emt 0:00:41]} Bb7 {[%emt 0:00:58]} 19. Be3 {[%emt 0:01:02]} Re7 {
[%emt 0:00:34]} 20. f4 {[%emt 0:00:27]} Qd7 {[%emt 0:00:59]} 21. Bf2 {[%emt 0:
00:18]} Qe8 {[%emt 0:00:10]} 22. Bg2 {[%emt 0:01:27]} Nd7 {[%emt 0:00:50]} 23.
e5 {[%emt 0:00:48]} dxe5 {[%emt 0:00:31]} 24. d6 {[%emt 0:00:03]} Re6 {[%emt 0:
00:19]} 25. Bxb7 {[%emt 0:00:07]} Rxb7 {[%emt 0:00:06]} 26. Qxa6 {[%emt 0:00:
55]} Rb8 {[%emt 0:00:49]} 27. Qd3 {[%emt 0:01:16]} exf4 {[%emt 0:01:20]} 28.
gxf4 {[%emt 0:00:03]} Rd8 {[%emt 0:00:22]} 29. Nb5 {[%emt 0:00:31]} Nf6 {
[%emt 0:00:23]} 30. Rxe6 {[%emt 0:00:20]} Qxe6 {[%emt 0:00:08]} 31. Re1 {
[%emt 0:00:02]} Qd7 {[%emt 0:00:20]} 32. Bh4 {[%emt 0:00:39]} Re8 {[%emt 0:00:
08]} 33. Rxe8+ {[%emt 0:00:14]} Nxe8 34. Be7 {[%emt 0:00:25]} Bxb2 {[%emt 0:00:
17]} 35. Kh2 {[%emt 0:00:07]} Bf6 {[%emt 0:01:42]} 36. Qe4 {[%emt 0:00:59]}
Bxe7 {[%emt 0:03:15]} 37. dxe7 {[%emt 0:00:03]} f6 {[%emt 0:00:12]} 38. Kg3 {
[%emt 0:00:47]} Kf7 {[%emt 0:00:10]} 39. Nc3 {[%emt 0:00:01]} Nd6 {[%emt 0:00:
25]} 40. Qd5+ {[%emt 0:00:26]} Kxe7 {[%emt 0:00:11]} 41. Kf2 {[%emt 0:00:02]}
Qxh3 {[%emt 0:00:34]} 42. Ne2 {[%emt 0:00:01]} Qe6 {[%emt 0:00:31]} 43. Qa8 {
[%emt 0:00:07]} Ne4+ {[%emt 0:00:23]} 44. Kf3 {[%emt 0:00:25]} Qh3+ {[%emt 0:
00:08]} 0-1

[Event "European Rapid Championship 2021"]
[Site "Katowice"]
[Date "2021.12.19"]
[Round "11.28"]
[White "Sotsky, Alexander"]
[Black "Jagodzinski, Piotr"]
[Result "0-1"]
[WhiteElo "2333"]
[BlackElo "2145"]
[Annotator "NA"]
[PlyCount "62"]
[EventDate "2021.12.18"]
[EventType "swiss"]
[EventCountry "POL"]
[SourceTitle "playchess.com"]
[Source "ChessBase"]
[SourceQuality "1"]
[TimeControl "900+10"]

1. d4 {[%emt 0:00:05]} d5 {[%emt 0:00:02]} 2. Bg5 {[%emt 0:00:01]} c6 {[%emt 0:
00:45]} 3. c3 {[%emt 0:00:00]} Qc7 {[%emt 0:00:13]} 4. e3 {[%emt 0:00:07]} Bf5
{[%emt 0:00:10]} 5. Bd3 {[%emt 0:00:10]} Bxd3 {[%emt 0:00:07]} 6. Qxd3 {
[%emt 0:00:01]} Nd7 {[%emt 0:00:04]} 7. f4 {[%emt 0:00:03]} e6 {[%emt 0:00:18]}
8. Nf3 {[%emt 0:00:01]} Ne7 {[%emt 0:01:01]} 9. Bxe7 Bxe7 {[%emt 0:00:02]} 10.
Nbd2 {[%emt 0:00:16]} h6 {[%emt 0:00:12]} 11. O-O {[%emt 0:00:09]} g5 {[%emt 0:
00:04]} 12. Ne5 {[%emt 0:00:04]} f5 {[%emt 0:02:17]} 13. b4 {[%emt 0:00:58]}
Nf6 {[%emt 0:00:20]} 14. a3 {[%emt 0:00:55]} Rg8 {[%emt 0:00:08]} 15. Qe2 {
[%emt 0:02:40]} Bd6 {[%emt 0:01:13]} 16. Rfc1 {[%emt 0:00:37]} gxf4 {[%emt 0:
00:20]} 17. exf4 {[%emt 0:00:03]} Bxe5 {[%emt 0:00:02]} 18. fxe5 {[%emt 0:00:
10]} Ne4 {[%emt 0:00:00]} 19. Nxe4 {[%emt 0:00:22]} dxe4 {[%emt 0:00:13]} 20.
Qc4 {[%emt 0:04:21]} Qd7 {[%emt 0:00:11]} 21. a4 {[%emt 0:00:22]} O-O-O {
[%emt 0:02:18]} 22. b5 {[%emt 0:03:17]} Qd5 {[%emt 0:00:01]} 23. Qe2 {[%emt 0:
00:01]} f4 {[%emt 0:00:39]} 24. Rc2 {[%emt 0:01:18]} c5 {[%emt 0:00:40]} 25.
Re1 {[%emt 0:01:05]} e3 {[%emt 0:00:05]} 26. a5 {[%emt 0:01:01]} Qe4 {[%emt 0:
00:15]} 27. a6 f3 {[%emt 0:00:13]} 28. axb7+ {[%emt 0:00:15]} Kb8 {[%emt 0:00:
01]} 29. Qxe3 {[%emt 0:00:34]} Qxc2 {[%emt 0:00:03]} 30. Qxf3 {[%emt 0:00:01]}
Rdf8 {[%emt 0:00:05]} 31. Qc6 {[%emt 0:00:03]} Qf2+ {[%emt 0:00:01]} 0-1